Homes through the decades (Record no. 115430)
[ view plain ]
| 000 -LEADER | |
|---|---|
| fixed length control field | 01376cam a22002175a 4500 |
| 001 - CONTROL NUMBER | |
| control field | L158642 |
| 008 - FIXED-LENGTH DATA ELEMENTS--GENERAL INFORMATION | |
| fixed length control field | 150520s2015 xxk f 000 0 eng d |
| 020 ## - INTERNATIONAL STANDARD BOOK NUMBER | |
| International Standard Book Number | 9780993069130 |
| 035 ## - SYSTEM CONTROL NUMBER | |
| System control number | (Sirsi) u158642 |
| 041 0# - LANGUAGE CODE | |
| Language code of text/sound track or separate title | eng |
| 100 1# - MAIN ENTRY--PERSONAL NAME | |
| Personal name | Turner, Clive |
| 110 2# - MAIN ENTRY--CORPORATE NAME | |
| Corporate name or jurisdiction name as entry element | NHBC Research Foundation |
| 9 (RLIN) | 6153 |
| 245 00 - TITLE STATEMENT | |
| Title | Homes through the decades |
| Remainder of title | The making of modern housing |
| Medium | [electronic resource] |
| 260 ## - PUBLICATION, DISTRIBUTION, ETC. | |
| Place of publication, distribution, etc. | Milton Keynes |
| Date of publication, distribution, etc. | NHBC Foundation |
| Name of publisher, distributor, etc. | 2015 |
| 520 ## - SUMMARY, ETC. | |
| Summary, etc. | Traces the evolution of housing in the UK from the Victorian and Edwardian period through to the present day. Looks at the relationship between housing and public health during the Victorian and Edwardian eras, the growth in housing estates in the 1930s, post Second World War recovery where prefabrication played an important role in meeting housing shortages and the 1960s and 1970s which brough the tower blocks whilst post 2000 sustainability issues are of key interest. Concludes with a look at future challenges and needs. Includes a selection of contemporary photographs throughout illustrating the various housing styles and social issues. |
| 590 ## - LOCAL NOTE (RLIN) | |
| Local note | KA |
| 651 #4 - SUBJECT ADDED ENTRY--GEOGRAPHIC NAME | |
| Geographic name | United Kingdom |
| Chronological subdivision | |
| 690 ## - LOCAL SUBJECT ADDED ENTRY--TOPICAL TERM (OCLC, RLIN) | |
| Topical term or geographic name as entry element | Residential property |
| 9 (RLIN) | 6266 |
| 856 40 - ELECTRONIC LOCATION AND ACCESS | |
| Uniform Resource Identifier | <a href="https://www.nhbcfoundation.org/Publications/Guide/Homes-through-the-decades-NF62">https://www.nhbcfoundation.org/Publications/Guide/Homes-through-the-decades-NF62</a> |
| Link text | View at (pre-registration required) at www.nhbcfoundation.org |
| 942 ## - ADDED ENTRY ELEMENTS (KOHA) | |
| Suppress in OPAC | 0 |
| Withdrawn status | Lost status | Source of classification or shelving scheme | Damaged status | Not for loan | Home library | Current library | Shelving location | Date acquired | Total Checkouts | Full call number | Barcode | Date last seen | Copy number | Price effective from | Koha item type |
|---|---|---|---|---|---|---|---|---|---|---|---|---|---|---|---|
| Dewey Decimal Classification | London | London | Online | 20/05/2015 | ONLINE PUBLICATION | 158642-1001 | 06/08/2019 | 1 | 06/08/2019 | Book |